| 000 | 01120cam a22002415a 4500 | ||
|---|---|---|---|
| 001 | L138012 | ||
| 008 | 070511e2007 xxk f 100 0 eng d | ||
| 035 | _a(Sirsi) u138012 | ||
| 041 | 0 | _aeng | |
| 100 | 1 | _aPryke, Stephen | |
| 245 | 0 | 2 |
_aA French model of construction procurement: transferable concepts for clients and professional service providers _h[electronic resource] |
| 260 | _c2005 | ||
| 490 | 0 |
_aCOBRA _v2005 |
|
| 520 | _aDiscusses some of the features of French procurement such as co-contracting, contractor responsibility for detailed design, and the exercise of quality control by an independent control office. Reports the use of a large number of activity-related financial incentives. | ||
| 651 | 4 | _aFRANCE | |
| 690 |
_aProcurement _96260 |
||
| 700 | 1 | _aNanhou, Sylvain | |
| 700 | 1 | _aPearson, Steve | |
| 700 | 1 | _aRichardson, Andrew | |
| 711 | 2 |
_aConstruction and Building Research Conference _cUniversity of Queensland, Brisbane _d4-5 July 2005 |
|
| 856 | 4 | 0 |
_uhttps://www.rics.org/site/scripts/download_info.aspx?downloadID=2570 _zView the item free of charge at www.rics.org... |
| 942 | _n0 | ||
| 999 |
_c106971 _d106971 |
||